Normal view
MARC view
- Lenk, John D
Entry Personal Name
001 - CONTROL NUMBER
- control field: 57741
003 - CONTROL NUMBER IDENTIFIER
- control field: NUST
005 - DATE AND TIME OF LATEST TRANSACTION
- control field: 20210628202005.0
008 - FIXED-LENGTH DATA ELEMENTS
- fixed length control field: 210628|| aca||aabn | a|a d
040 ## - CATALOGING SOURCE
- Original cataloging agency: NUST
- Transcribing agency: NUST
100 ## - HEADING--PERSONAL NAME
- Personal name: Lenk, John D
670 ## - SOURCE DATA FOUND
- Source citation: Work cat.: (NUST): Lenk, John D, Circuit troubeshooting handbook, 1999
